000 00440nam a2200193Ia 4500
008 210210b1934 xxu||||| |||| 00| 0 eng d
041 _aeng
082 _a886/69
100 _aPANDIT (Upadhyaya Bi) Ed
245 _aVeda bhAsya bhUmika sangraha
260 _aBanaras
_b-
_c1934
440 _a2
650 _aVeda
650 _asangraha
650 _abhUmika
650 _abhAsya
690 _aSanskrit Criticism
906 _a024576
999 _c150113
_d150113